[Event "CZE-chT2C 1314"]
[Site "Czech Republic"]
[Date "2014.03.02"]
[Round "9.4"]
[White "Stolba, Milos"]
[Black "Horak, Karel Jr"]
[Result "1/2-1/2"]
[WhiteElo "2161"]
[BlackElo "2097"]
[PlyCount "111"]
[EventDate "2013.11.03"]
[EventType "team-tourn"]
[EventRounds "11"]
[EventCountry "CZE"]
[SourceTitle "EXT 2015"]
[Source "ChessBase"]
[SourceDate "2014.11.20"]
[SourceVersion "1"]
[SourceVersionDate "2014.11.20"]
[SourceQuality "1"]
[WhiteTeam "Kutna Hora"]
[BlackTeam "Vysehrad III"]
[WhiteTeamCountry "CZE"]
[BlackTeamCountry "CZE"]

1. d4 Nf6 2. c4 c5 3. d5 e6 4. Nc3 exd5 5. cxd5 d6 6. e4 g6 7. Be2 Bg7 8. Nf3 0-0 9. 0-0 Re8 10. Nd2 a6 11. a4 Nbd7 12. f4 c4 13. Bxc4 Qb6+ 14. Kh1 Nc5 15. Qc2 Ng4 16. Nf3 Bxc3 17. bxc3 Nxe4 18. Nd4 Bf5 19. Qb3 Qc7 20. Be2 Qxc3 21. Qxc3 Nxc3 22. Nxf5 Rxe2 23. Nxd6 Nxd5 24. h3 Nf2+ 25. Kh2 Rd8 26. Kg3 Rxd6 27. Rxf2 Nc3 28. Rxe2 Nxe2+ 29. Kf3 Nxc1 30. Rxc1 Rd4 31. a5 Ra4 32. Rc5 Kg7 33. g4 Kf6 34. g5+ Ke6 35. Re5+ Kd7 36. h4 Rb4 37. Re2 Rb5 38. Ra2 Ke6 39. Kg4 Kd6 40. h5 f6 41. hxg6 hxg6 42. Rd2+ Ke6 43. Re2+ Kf7 44. gxf6 Kxf6 45. Ra2 Rb4 46. Rd2 g5 47. Rf2 Kg6 48. Kg3 gxf4+ 49. Kg4 Kf7 50. Re2 Kf6 51. Re8 Kf7 52. Re5 Rb5 53. Kxf4 Rxe5 54. Kxe5 Ke7 55. Kd5 Kd7 56. Kc5 1/2-1/2

[Event "CZE-chT2C 1314"]
[Site "Czech Republic"]
[Date "2014.02.16"]
[Round "8.4"]
[White "Horak, Karel Jr"]
[Black "Brezmen, Pavel"]
[Result "1-0"]
[WhiteElo "2097"]
[BlackElo "2098"]
[PlyCount "59"]
[EventDate "2013.11.03"]
[EventType "team-tourn"]
[EventRounds "11"]
[EventCountry "CZE"]
[SourceTitle "EXT 2015"]
[Source "ChessBase"]
[SourceDate "2014.11.20"]
[SourceVersion "1"]
[SourceVersionDate "2014.11.20"]
[SourceQuality "1"]
[WhiteTeam "Vysehrad III"]
[BlackTeam "Kolin"]
[WhiteTeamCountry "CZE"]
[BlackTeamCountry "CZE"]

1. e4 c6 2. d4 d5 3. exd5 cxd5 4. c4 Nf6 5. Nc3 Nc6 6. Bg5 e6 7. Nf3 Be7 8. c5 Bd7 9. Bb5 0-0 10. 0-0 Ne4 11. Bxe7 Qxe7 12. Re1 f5 13. a3 Rf6 14. Qd3 Rh6 15. h4 Rf8 16. Ne2 Be8 17. g3 Kh8 18. Qe3 Bh5 19. Bxc6 bxc6 20. Nf4 Bxf3 21. Qxf3 g5 22. hxg5 Qxg5 23. Kg2 Rg8 24. Qe3 Qf6 25. Rh1 Rxh1 26. Rxh1 Rg5 27. Nd3 Kg7 28. Rh3 Rg6 29. Nf4 Kg8 30. Nxg6 1-0

[Event "CZE-chT2C 1112"]
[Site "Czech Republic"]
[Date "2012.02.05"]
[Round "7.6"]
[White "Horak, Karel Jr"]
[Black "Vltavsky, Vladimir"]
[Result "0-1"]
[WhiteElo "2051"]
[BlackElo "2211"]
[PlyCount "68"]
[EventDate "2011.10.09"]
[EventType "team-tourn"]
[EventRounds "11"]
[EventCountry "CZE"]
[SourceTitle "EXT 2013"]
[Source "ChessBase"]
[SourceDate "2012.11.22"]
[SourceVersion "1"]
[SourceVersionDate "2012.11.22"]
[SourceQuality "1"]
[WhiteTeam "Vysehrad II"]
[BlackTeam "Turnov Zikuda II"]
[WhiteTeamCountry "CZE"]
[BlackTeamCountry "CZE"]

1. e4 e5 2. Nf3 Nc6 3. Bb5 a6 4. Ba4 Nf6 5. 0-0 Be7 6. Re1 b5 7. Bb3 d6 8. c3 0-0 9. h3 Na5 10. Bc2 c5 11. d4 Qc7 12. Bg5 Nc6 13. Nbd2 Ne8 14. a4 Rb8 15. axb5 axb5 16. Bxe7 Nxe7 17. Nf1 Bb7 18. Ne3 Nf6 19. Nf5 Nxf5 20. dxe5 dxe5 21. exf5 e4 22. Nd2 Qf4 23. Ra7 Rfd8 24. Re2 Qxf5 25. Qe1 Qh5 26. Rxb7 Rxb7 27. Nxe4 Nxe4 28. Rxe4 f6 29. Re6 Rbb8 30. Qe4 Qg6 31. Qe2 Qf7 32. Qe4 g6 33. Bb3 c4 34. Re7 Re8 0-1

[Event "CZE-chT2C 1112"]
[Site "Czech Republic"]
[Date "2011.12.04"]
[Round "4.6"]
[White "Skala, Jaromir"]
[Black "Horak, Karel Jr"]
[Result "1-0"]
[WhiteElo "2016"]
[BlackElo "2051"]
[PlyCount "75"]
[EventDate "2011.10.09"]
[EventType "team-tourn"]
[EventRounds "11"]
[EventCountry "CZE"]
[SourceTitle "EXT 2013"]
[Source "ChessBase"]
[SourceDate "2012.11.22"]
[SourceVersion "1"]
[SourceVersionDate "2012.11.22"]
[SourceQuality "1"]
[WhiteTeam "Kutna Hora"]
[BlackTeam "Vysehrad II"]
[WhiteTeamCountry "CZE"]
[BlackTeamCountry "CZE"]

1. e4 c5 2. Nf3 d6 3. c3 Nf6 4. Be2 Bd7 5. d3 Bc6 6. Nbd2 g6 7. Nf1 c4 8. d4 Nxe4 9. Bxc4 Bg7 10. Ng3 Qb6 11. Nxe4 Bxe4 12. Bxf7+ Kd8 13. Ng5 Bf5 14. Ne6+ Bxe6 15. Bxe6 Nc6 16. 0-0 Rf8 17. Qe2 h6 18. Be3 Qc7 19. Rac1 Ke8 20. d5 Ne5 21. Bd4 Bf6 22. Qe4 g5 23. c4 Bh8 24. Bxe5 Bxe5 25. Qg6+ Kd8 26. b4 Qb6 27. c5 Qxb4 28. c6 bxc6 29. dxc6 Kc7 30. Rb1 Qc5 31. Rb7+ Kxc6 32. Qe4+ d5 33. Bxd5+ Kd6 34. Bb3 Rxf2 35. Rxf2 Rf8 36. Qe2 Rxf2 37. Qa6+ Qc6 38. Qa3+ 1-0

[Event "CZE-chT2C 0809"]
[Site "Czech Republic"]
[Date "2008.11.09"]
[Round "2.6"]
[White "Michalek, Frantisek"]
[Black "Horak, Karel Jr"]
[Result "1-0"]
[WhiteElo "2141"]
[BlackElo "2015"]
[PlyCount "83"]
[EventDate "2008.10.12"]
[EventType "team-tourn"]
[EventRounds "11"]
[EventCountry "CZE"]
[SourceTitle "EXT 2010"]
[Source "ChessBase"]
[SourceDate "2010.11.25"]
[SourceVersion "1"]
[SourceVersionDate "2010.11.25"]
[SourceQuality "1"]
[WhiteTeam "Kolin"]
[BlackTeam "Vysehrad III"]
[WhiteTeamCountry "CZE"]
[BlackTeamCountry "CZE"]

1. e4 c5 2. Nf3 Nc6 3. Nc3 e5 4. Bc4 Be7 5. a4 d6 6. d3 Be6 7. Nd5 h6 8. c3 Nf6 9. Nxf6+ Bxf6 10. Bxe6 fxe6 11. Be3 Qc7 12. d4 exd4 13. cxd4 b6 14. 0-0 0-0 15. Qd3 Nb4 16. Qd2 Rad8 17. Ne1 Qb7 18. f3 Rfe8 19. Rd1 d5 20. e5 Be7 21. Nc2 Nc6 22. f4 Rf8 23. Qd3 Qd7 24. b3 Rc8 25. Rf3 Na5 26. Rg3 Rf5 27. Rg6 Qe8 28. Rxe6 Rf7 29. f5 Rc6 30. Rxc6 Qxc6 31. dxc5 Bxc5 32. Nd4 Bxd4 33. Bxd4 Rc7 34. Qf3 Qc2 35. Qxd5+ Kh7 36. Rf1 Nxb3 37. Qd6 Rc6 38. Qd7 Qe4 39. Bf2 Nc5 40. Bxc5 Rxc5 41. f6 Qg6 42. f7 1-0

[Event "CZE-chT2C 0809"]
[Site "Czech Republic"]
[Date "2008.10.12"]
[Round "1.6"]
[White "Horak, Karel Jr"]
[Black "Blumel, Otto"]
[Result "0-1"]
[WhiteElo "2015"]
[BlackElo "2146"]
[PlyCount "78"]
[EventDate "2008.10.12"]
[EventType "team-tourn"]
[EventRounds "11"]
[EventCountry "CZE"]
[SourceTitle "EXT 2010"]
[Source "ChessBase"]
[SourceDate "2010.11.25"]
[SourceVersion "1"]
[SourceVersionDate "2010.11.25"]
[SourceQuality "1"]
[WhiteTeam "Vysehrad III"]
[BlackTeam "Ricany"]
[WhiteTeamCountry "CZE"]
[BlackTeamCountry "CZE"]

1. e4 c5 2. Nf3 Nf6 3. Nc3 Nc6 4. d4 d5 5. Bb5 dxe4 6. Ne5 cxd4 7. Bxc6+ bxc6 8. Nxc6 Qd7 9. Nxd4 Ba6 10. Nb3 Qc6 11. Qd4 e6 12. Na5 Qb6 13. Qa4+ Nd7 14. Qxe4 Rc8 15. Nb3 Bb4 16. Bd2 0-0 17. a3 Be7 18. Qe3 Nc5 19. Nd1 Rfd8 20. Bc3 Rd5 21. Nd4 Qd6 22. Ne2 Bg5 23. f4 Bxe2 24. Qxe2 Bxf4 25. g3 Bg5 26. 0-0 Na4 27. Qf2 Qd7 28. Bb4 Rf5 29. Qe2 Rxf1+ 30. Kxf1 Qc6 31. h4 Qh1+ 32. Kf2 Rxc2 33. Qxc2 Qh2+ 34. Kf1 Qxc2 35. hxg5 Qf5+ 36. Kg2 Qxg5 37. b3 Qd5+ 38. Kh3 h5 39. Ne3 Qxb3 0-1

[Event "Prague op-A 07th"]
[Site "Prague"]
[Date "2008.01.13"]
[Round "3"]
[White "Rzoska, Kamil"]
[Black "Horak, Karel Jr"]
[Result "1/2-1/2"]
[WhiteElo "2172"]
[BlackElo "1979"]
[PlyCount "48"]
[EventDate "2008.01.11"]
[EventType "swiss"]
[EventRounds "9"]
[EventCountry "CZE"]
[SourceTitle "CBM 122 Extra"]
[Source "ChessBase"]
[SourceDate "2008.03.04"]
[SourceVersion "1"]
[SourceVersionDate "2008.03.04"]
[SourceQuality "1"]

1. e4 c5 2. Nf3 Nc6 3. d4 cxd4 4. Nxd4 e5 5. Nb5 a6 6. Nd6+ Bxd6 7. Qxd6 Qf6 8. Qd3 Nge7 9. Be3 d5 10. exd5 Nb4 11. Qd2 Nbxd5 12. Bg5 Qb6 13. c4 Nb4 14. Be2 Nf5 15. c5 Qa5 16. 0-0 h6 17. Be3 Be6 18. a3 Nxe3 19. fxe3 Nc6 20. b4 Qc7 21. Nc3 Rd8 22. Qc2 Ne7 23. Bf3 Nf5 24. Qf2 0-0 1/2-1/2

[Event "CZE-ch U18 Girls/sf U18"]
[Site "Czech Republic"]
[Date "2008.??.??"]
[Round "8"]
[White "Fojtu, Jan"]
[Black "Horak, Karel Jr"]
[Result "0-1"]
[WhiteElo "2115"]
[BlackElo "2015"]
[PlyCount "102"]
[EventDate "2008.??.??"]
[EventType "swiss"]
[EventRounds "9"]
[EventCountry "CZE"]
[SourceTitle "EXT 2011"]
[Source "ChessBase"]
[SourceDate "2010.11.26"]
[SourceVersion "1"]
[SourceVersionDate "2010.11.26"]
[SourceQuality "1"]

1. c4 c6 2. d4 d5 3. Nc3 Nf6 4. e3 Bf5 5. Nf3 e6 6. a3 Nbd7 7. Be2 Bd6 8. c5 Bc7 9. Nh4 Bg6 10. Nxg6 hxg6 11. g3 Ne4 12. Nxe4 dxe4 13. Qc2 Nf6 14. b4 a6 15. Bd2 Qd5 16. 0-0-0 Ke7 17. Rdf1 Rhb8 18. f3 exf3 19. Bxf3 Qd7 20. Kd1 e5 21. dxe5 Bxe5 22. Ke2 Qe6 23. Kf2 g5 24. Bc3 Bxc3 25. Qxc3 Qa2+ 26. Kg1 Rd8 27. h3 Rd2 28. Ra1 Qb2 29. Qxb2 Rxb2 30. Rh2 Rb3 31. Rd2 Rxe3 32. Kf2 Re5 33. Rad1 a5 34. Rd4 Rc8 35. g4 g6 36. R1d2 Rc7 37. Rd1 Rd7 38. R1d2 Rxd4 39. Rxd4 Nd7 40. Be2 Nf6 41. Bf3 Ne8 42. Be2 Nc7 43. Bc4 axb4 44. axb4 Nd5 45. Bxd5 Rxd5 46. Re4+ Kd7 47. Ke2 f5 48. Rc4 Ke6 49. Kf2 Ke5 50. Rc3 Rd4 51. Rb3 Kd5 0-1

[Event "CZE-ch U18 Girls/sf U18"]
[Site "Czech Republic"]
[Date "2008.??.??"]
[Round "1"]
[White "Koller, Martin"]
[Black "Horak, Karel Jr"]
[Result "0-1"]
[WhiteElo "1622"]
[BlackElo "2015"]
[PlyCount "66"]
[EventDate "2008.??.??"]
[EventType "swiss"]
[EventRounds "9"]
[EventCountry "CZE"]
[SourceTitle "EXT 2011"]
[Source "ChessBase"]
[SourceDate "2010.11.26"]
[SourceVersion "1"]
[SourceVersionDate "2010.11.26"]
[SourceQuality "1"]

1. b3 a5 2. Bb2 b6 3. e3 Bb7 4. Nf3 Nf6 5. c4 g6 6. Bxf6 exf6 7. d4 Bg7 8. Bd3 0-0 9. 0-0 Re8 10. Nc3 f5 11. Qc2 Na6 12. a3 Bxf3 13. gxf3 f4 14. Be4 c6 15. exf4 f5 16. Bd3 Bxd4 17. Rae1 Nc5 18. Re2 Qh4 19. Rxe8+ Rxe8 20. Ne2 Ne6 21. Qc1 Bg7 22. Re1 Bh6 23. b4 axb4 24. axb4 Ra8 25. c5 b5 26. Bc2 Nxf4 27. Nxf4 Bxf4 28. Bb3+ Kf8 29. Qc3 Qxh2+ 30. Kf1 Qh1+ 31. Ke2 Re8+ 32. Kd1 Rxe1+ 33. Qxe1 Qxf3+ 0-1

[Event "CZE-ch U16"]
[Site "Zlate Hory"]
[Date "2006.03.18"]
[Round "9"]
[White "Horak, Karel Jr"]
[Black "Dvorak, Martin"]
[Result "1/2-1/2"]
[WhiteElo "1905"]
[BlackElo "1973"]
[PlyCount "66"]
[EventDate "2006.03.11"]
[EventType "swiss"]
[EventRounds "9"]
[EventCountry "CZE"]
[SourceTitle "EXT 2008"]
[Source "ChessBase"]
[SourceDate "2007.11.25"]
[SourceVersion "1"]
[SourceVersionDate "2007.11.25"]
[SourceQuality "1"]

1. e4 c5 2. Nf3 Nc6 3. d4 cxd4 4. Nxd4 Nf6 5. Nc3 e5 6. Ndb5 d6 7. Bg5 a6 8. Na3 b5 9. Bxf6 gxf6 10. Nd5 f5 11. c3 Bg7 12. exf5 Bxf5 13. Nc2 0-0 14. Nce3 Be6 15. Bd3 f5 16. 0-0 Ra7 17. a4 b4 18. Qh5 bxc3 19. Nxf5 Rxf5 20. Bxf5 Bxd5 21. Bxh7+ Kf8 22. bxc3 Rf7 23. Qe2 Qh4 24. Bg6 Rf6 25. g3 Qh3 26. Be4 Rh6 27. f3 Bc4 28. Qb2 Bxf1 29. Bxc6 Bc4 30. Qb8+ Kf7 31. Qe8+ Kf6 32. Qd8+ Kg6 33. Qxd6+ Kh7 1/2-1/2

[Event "CZE-ch U16"]
[Site "Zlate Hory"]
[Date "2006.03.15"]
[Round "6"]
[White "Horak, Karel Jr"]
[Black "Bohm, Tomas"]
[Result "1/2-1/2"]
[WhiteElo "1905"]
[BlackElo "1855"]
[PlyCount "63"]
[EventDate "2006.03.11"]
[EventType "swiss"]
[EventRounds "9"]
[EventCountry "CZE"]
[SourceTitle "EXT 2008"]
[Source "ChessBase"]
[SourceDate "2007.11.25"]
[SourceVersion "1"]
[SourceVersionDate "2007.11.25"]
[SourceQuality "1"]

1. e4 d5 2. exd5 Nf6 3. d4 Nxd5 4. Nf3 g6 5. Bc4 Bg7 6. 0-0 0-0 7. Nc3 c6 8. Re1 Nb6 9. Bb3 N8d7 10. Bg5 Nf6 11. Qe2 Re8 12. Ne4 Bf5 13. Ng3 Qc8 14. Ne5 Be6 15. Qf3 Bxb3 16. Qxb3 Rf8 17. Bxf6 Bxf6 18. Ne4 Qf5 19. Ng3 Qc8 20. Ne4 Bxe5 21. dxe5 Nd5 22. c4 Nf4 23. Qg3 Qf5 24. Qh4 f6 25. Ng3 Qg5 26. Qxg5 fxg5 27. Rad1 Rad8 28. f3 b6 29. a3 Kf7 30. Ne4 Ne6 31. h3 h6 32. g3 1/2-1/2

[Event "CZE-ch Juniors op-A"]
[Site "Zlate Hory"]
[Date "2006.03.15"]
[Round "6"]
[White "Valenta, Petr"]
[Black "Horak, Karel Jr"]
[Result "1-0"]
[WhiteElo "1966"]
[BlackElo "1751"]
[PlyCount "55"]
[EventDate "2006.03.11"]
[EventType "swiss"]
[EventRounds "9"]
[EventCountry "CZE"]
[SourceTitle "EXT 2008"]
[Source "ChessBase"]
[SourceDate "2007.11.25"]
[SourceVersion "1"]
[SourceVersionDate "2007.11.25"]
[SourceQuality "1"]

1. d4 d5 2. c4 e6 3. Nc3 Be7 4. Bf4 c6 5. e3 Nf6 6. Bd3 0-0 7. Nge2 Nbd7 8. h4 dxc4 9. Bxc4 Nb6 10. Bb3 Nbd5 11. a3 Re8 12. Qc2 Nxf4 13. Nxf4 Nd5 14. Nce2 Qa5+ 15. Kf1 Bd6 16. Nh3 Nf6 17. Ng5 g6 18. e4 Be7 19. e5 Nd5 20. Qd3 b5 21. Nxh7 b4 22. h5 Ba6 23. Qg3 g5 24. Nxg5 Bxg5 25. Qxg5+ Kh8 26. Qh6+ Kg8 27. Rh3 Bxe2+ 28. Kxe2 1-0

[Event "CZE-ch U16"]
[Site "Sec u Chrudimi"]
[Date "2005.10.27"]
[Round "7"]
[White "Horak, Karel Jr"]
[Black "Fencl, Pavel"]
[Result "1-0"]
[WhiteElo "1734"]
[BlackElo "1679"]
[PlyCount "31"]
[EventDate "2005.10.22"]
[EventType "swiss"]
[EventRounds "9"]
[EventCountry "CZE"]
[SourceTitle "EXT 2008"]
[Source "ChessBase"]
[SourceDate "2007.11.25"]
[SourceVersion "1"]
[SourceVersionDate "2007.11.25"]
[SourceQuality "1"]

1. e4 e5 2. Nf3 Nc6 3. Bb5 Bc5 4. c3 d6 5. d4 exd4 6. cxd4 Bb4+ 7. Kf1 d5 8. Qb3 Bd6 9. exd5 Bd7 10. dxc6 bxc6 11. Bc4 Qe7 12. Qe3 Rb8 13. Qxe7+ Nxe7 14. b3 0-0 15. Nc3 c5 16. Ba3 1-0

[Event "CZE-ch U12"]
[Site "Frymburk"]
[Date "2002.??.??"]
[Round "5"]
[White "Fojtu, Jan"]
[Black "Horak, Karel Jr"]
[Result "1-0"]
[WhiteElo "1439"]
[BlackElo "1364"]
[PlyCount "71"]
[EventDate "2002.03.??"]
[EventType "swiss"]
[EventRounds "8"]
[EventCountry "CZE"]
[SourceTitle "EXT 2004"]
[Source "ChessBase"]
[SourceDate "2003.11.25"]
[SourceVersion "1"]
[SourceVersionDate "2003.11.25"]
[SourceQuality "1"]

1. e4 e5 2. Nf3 Nc6 3. Bb5 a6 4. Ba4 Nf6 5. 0-0 Be7 6. Re1 b5 7. Bb3 0-0 8. c3 d6 9. h3 h6 10. d4 Re8 11. Nbd2 Bf8 12. Nf1 exd4 13. cxd4 Bb7 14. Ng3 Na5 15. Bc2 Nc4 16. b3 Nb6 17. Bb2 c6 18. Qd3 g6 19. Nh2 h5 20. f4 Nc8 21. f5 Ne7 22. fxg6 fxg6 23. Nf3 Nh7 24. Nh4 Bg7 25. e5 Nf8 26. Rf1 dxe5 27. Qf3 Qd5 28. Be4 Qe6 29. dxe5 Nd7 30. Nxg6 Nxg6 31. Bf5 Qd5 32. Qxd5+ cxd5 33. Bxg6 Re7 34. Nf5 Re6 35. Nxg7 Rxg6 36. Nxh5 1-0

[Event "CZE-ch U12"]
[Site "Frymburk"]
[Date "2002.??.??"]
[Round "1"]
[White "Horak, Karel Jr"]
[Black "Bohm, Jan"]
[Result "1/2-1/2"]
[WhiteElo "1364"]
[BlackElo "1743"]
[PlyCount "43"]
[EventDate "2002.03.??"]
[EventType "swiss"]
[EventRounds "8"]
[EventCountry "CZE"]
[SourceTitle "EXT 2004"]
[Source "ChessBase"]
[SourceDate "2003.11.25"]
[SourceVersion "1"]
[SourceVersionDate "2003.11.25"]
[SourceQuality "1"]

1. e4 c5 2. Nf3 d6 3. d4 cxd4 4. Nxd4 Nf6 5. Nc3 a6 6. Be3 e6 7. Bc4 b5 8. Bb3 Bb7 9. f3 Qc7 10. Qd2 Nbd7 11. a3 Be7 12. Bxe6 fxe6 13. Nxe6 Qc4 14. Nxg7+ Kf7 15. Nf5 Qe6 16. 0-0-0 Ne5 17. Nxd6+ Bxd6 18. Qxd6 Qxd6 19. Rxd6 Nc4 20. Rd3 Rhg8 21. g3 Ne5 22. Rd6 1/2-1/2